000 01066nam a2200277 a 4500
001 000026244
005 20240422101417.0
008 110307s1983 dr 000 0 spa d
020 _z84000079
040 _aDO-SdBNP
_bspa
_cBNPHU
082 _a972 9305
_bO77m, 1983
100 1 _aOrtega Frier, José
_945710
245 1 0 _aMemorandum relativo a la intervención de Sumner Welles en la República Dominicana /
_cJosé Ortega Frier.
250 _a3ª ed.
260 _aSanto Domingo :
_bTaller,
_c1983.
300 _a209 p. ;
_c21 cm.
490 1 _aBiblioteca Taller
_v10
504 _aIncluye bibliografía y notas al pie de páginas.
600 1 4 _aWELLES, BENJAMIN SUMNER,
_d1892-1961
_931871
651 0 _aRepública Dominicana --
_xHistoria --
_yOcupación norteamericana, 1916-1924
_91926
651 4 _aRepública Dominicana
_xRelaciones Exteriores
_zEstados Unidos
_96308
651 4 _aEstados Unidos
_xRelaciones Exteriores
_zRepública Dominicana
_96309
830 0 _aBiblioteca Taller
_9164
910 _aValidado. Control de calidad EMS
049 _aBNPD
999 _c25736
_d25736